Подробности
| 000 -МАРКЕР |
| контрольное поле |
01406nam2a22002651 4500 |
| 001 - ИДЕНТИФИКАТОР ЗАПИСИ |
| контрольное поле |
rc\2210053 |
| 005 - ИДЕНТИФИКАТОР ВЕРСИИ |
| контрольное поле |
20110829165932.8 |
| 035 ## - ДРУГИЕ СИСТЕМНЫЕ НОМЕРА |
| Идентификатор записи |
(NLR Aleph) 006619248 |
| 100 ## - ДАННЫЕ ОБЩЕЙ ОБРАБОТКИ |
| Данные общей обработки |
20110829d1978 |||y0rusy50 ca |
| 101 0# - ЯЗЫК РЕСУРСА |
| Язык текста, звукозаписи и т.д. |
русский |
| 102 ## - СТРАНА ПУБЛИКАЦИИ ИЛИ ПРОИЗВОДСТВА |
| Страна публикации |
Российская Федерация |
| 105 ## - ПОЛЕ КОДИРОВАННЫХ ДАННЫХ: ТЕКСТОВЫЕ МАТЕРИАЛЫ, МОНОГРАФИЧЕСКИЕ |
| Кодированные данные о монографическом текстовом документе |
y z ||||| |
| 200 1# - ЗАГЛАВИЕ И СВЕДЕНИЯ ОБ ОТВЕТСТВЕННОСТИ |
| Основное заглавие |
Социалистическое воспроизводство |
| -- |
Перерастание социализма в коммунизм |
| -- |
Закономерности развития мировой социалистической системы хозяйства |
| Первые сведения об ответственности |
[Принимали участие В.Ф. Быков, Я.М. Жуковский, Л.А. Кодышев и др.] |
| 210 ## - ПУБЛИКАЦИЯ, РАСПРОСТРАНЕНИЕ И ДР. |
| Дата издания, распространения и т.д. |
1978 |
| 215 ## - ФИЗИЧЕСКАЯ ХАРАКТЕРИСТИКА |
| Специфическое обозначение материала и объем |
326 с. |
| 461 #0 - УРОВЕНЬ НАБОРА |
| Встроенное поле |
001rc\2210052 |
| -- |
2001#$aПолитическая экономия$e[Учеб. пособие$eВ 4 т.$fПод общ. ред. Г.А. Козлова]$vТ. 4 |
| Системный номер (АБИС) связанной записи |
7431562 |
| Место публикации |
Москва |
| Дата публикации |
1978- |
| Издание |
2-е изд., перераб. и доп. |
| Первые сведения об ответственности |
Под общ. ред. Г.А. Козлова] |
| Имя издателя, распространителя и т.д. |
Мысль |
| Сведения, относящиеся к заглавию |
[Учеб. пособие : В 4 т. |
| Заглавие |
Политическая экономия |
| Номер тома |
Т. 4 |
| 702 #1 - ИМЯ ЛИЦА - ВТОРИЧНАЯ ОТВЕТСТВЕННОСТЬ |
| Начальный элемент ввода |
Жуковский |
| Часть имени, кроме начального элемента ввода |
Я. М. |
| Код отношения |
Составитель |
| 702 #1 - ИМЯ ЛИЦА - ВТОРИЧНАЯ ОТВЕТСТВЕННОСТЬ |
| Начальный элемент ввода |
Кадышев |
| Часть имени, кроме начального элемента ввода |
Л. А. |
| Код отношения |
Составитель |
| 702 #1 - ИМЯ ЛИЦА - ВТОРИЧНАЯ ОТВЕТСТВЕННОСТЬ |
| Начальный элемент ввода |
Быков |
| Часть имени, кроме начального элемента ввода |
В. Ф. |
| Расширение инициалов личного имени |
Виталий Федорович |
| Код отношения |
Составитель |
| 801 #0 - ИСТОЧНИК ЗАПИСИ |
| Страна |
Российская Федерация |
| Организация |
NLR |
| Правила каталогизации |
psbo |
| 801 #1 - ИСТОЧНИК ЗАПИСИ |
| Страна |
Российская Федерация |
| Организация |
ELAR |
| Источник данных |
rusmarc |
| 852 ## - МЕСТОНАХОЖДЕНИЕ И ШИФР ХРАНЕНИЯ |
| Идентификатор организации |
NLR |
| Шифр хранения (Call Number) |
78-5/3787 |
| 942 ## - ДОПОЛНИТЕЛЬНЫЕ ЭЛЕМЕНТЫ ЗАПИСИ (АБИС) |
| Тип экземпляра АБИС |
Книга |
| 980 ## - КОЛЛЕКЦИЯ |
| Название коллекции |
Национальная библиография |